Tribhuvan University Central Library

Use of ICT in English language teaching at master level (Record no. 104256)

MARC details
000 -LEADER
fixed length control field 00529nam a22001817a 4500
008 - FIXED-LENGTH DATA ELEMENTS--GENERAL INFORMATION
fixed length control field 220408b |||||||| |||| 00| 0 eng d
082 ## - DEWEY DECIMAL CLASSIFICATION NUMBER
Classification number CD 19828
100 ## - MAIN ENTRY--PERSONAL NAME
Personal name Singh, Dipendra
245 ## - TITLE STATEMENT
Title Use of ICT in English language teaching at master level
260 ## - PUBLICATION, DISTRIBUTION, ETC. (IMPRINT)
Place of publication, distribution, etc Kathmandu:
Date of publication, distribution, etc 2019.
504 ## - BIBLIOGRAPHY, ETC. NOTE
Bibliography, etc Dissertation (Degree in English education), TU
650 ## - SUBJECT ADDED ENTRY--TOPICAL TERM
Topical term or geographic name as entry element English language
650 ## - SUBJECT ADDED ENTRY--TOPICAL TERM
Topical term or geographic name as entry element Language teaching
650 ## - SUBJECT ADDED ENTRY--TOPICAL TERM
Topical term or geographic name as entry element Teaching methods
650 ## - SUBJECT ADDED ENTRY--TOPICAL TERM
Topical term or geographic name as entry element Teaching materials
650 ## - SUBJECT ADDED ENTRY--TOPICAL TERM
Topical term or geographic name as entry element English education
942 ## - ADDED ENTRY ELEMENTS (KOHA)
Source of classification or shelving scheme Dewey Decimal Classification
Koha item type Audio Visual Materials

No items available.